| 000 | 01481nam a22003494a 4500 | ||
|---|---|---|---|
| 001 | ebr10035654 | ||
| 003 | CaPaEBR | ||
| 006 | m u | ||
| 007 | cr cn||||||||| | ||
| 008 | 010705s2002 enka sb 001 0 eng | ||
| 010 | _z 2001038437 | ||
| 020 | _z9781846421525 | ||
| 020 | _z1853028894 (pbk. : alk. paper) | ||
| 040 |
_aCaPaEBR _cCaPaEBR |
||
| 035 | _a(OCoLC)54937216 | ||
| 050 | 1 | 4 |
_aRC489.T67 _bB49 2002eb |
| 082 | 0 | 4 |
_a616.89/1 _221 |
| 245 | 0 | 0 |
_aBeyond madness _h[electronic resource] : _bpsychosocial interventions in psychosis / _cedited by Joseph H. Berke ... [et al.] ; foreword by R.D. Hinshelwood. |
| 260 |
_aLondon ; _aPhiladelphia, PA : _bJessica Kingsley Publishers, _cc2002. |
||
| 300 |
_a288 p. : _bill. |
||
| 490 | 1 |
_aTherapeutic communities ; _v7 |
|
| 504 | _aIncludes bibliographical references and indexes. | ||
| 533 |
_aElectronic reproduction. _bPalo Alto, Calif. : _cebrary, _d2013. _nAvailable via World Wide Web. _nAccess may be limited to ebrary affiliated libraries. |
||
| 650 | 0 |
_aCrisis intervention (Mental health services) _zEngland _zLondon. |
|
| 650 | 0 |
_aPsychoses _xAlternative treatment. |
|
| 650 | 0 |
_aTherapeutic communities _zEngland _zLondon. |
|
| 655 | 7 |
_aElectronic books. _2local |
|
| 700 | 1 | _aBerke, Joseph H. | |
| 710 | 2 | _aebrary, Inc. | |
| 830 | 0 |
_aTherapeutic communities ; _v7. |
|
| 856 | 4 | 0 |
_uhttp://site.ebrary.com/lib/rucke/Doc?id=10035654 _zAn electronic book accessible through the World Wide Web; click to view |
| 999 |
_c58023 _d58023 |
||